| 000 | 00654nam a2200193 a 4500 | ||
|---|---|---|---|
| 005 | 20250809063835.0 | ||
| 008 | 011030s1997 ea r 000 0 spa d | ||
| 035 | _aUPN01000113615 | ||
| 049 | _aCG | ||
| 050 | 4 |
_aLB2329.8 A4.4 _bM6.3 |
|
| 100 | 1 |
_aMoura Castro, Claudio de, _d1938- _930805 |
|
| 245 | 1 | 3 |
_aLa educación superior en América Latina y el Caribe / _cClaudio de Moura Castro, Daniel C. Levy. |
| 260 |
_aWashington : _bBID, _c1997. |
||
| 300 | _a53 p. | ||
| 650 | 4 |
_aEducación superior _zAmérica Latina _95753 |
|
| 650 | 4 |
_aEducación superior _zCaribe (Región) _917485 |
|
| 700 | 1 |
_aLevy, Daniel C., _d1949- _ecoaut. _929012 |
|
| 905 | _aLibro | ||
| 999 |
_c87523 _d87523 |
||